Swedish - Statistics

General Stats
  • This quiz has been taken 20 times
  • The average score is 5 of 8
Answer Stats
Hint Answer % Correct
water vatten
88%
sweden sverige
82%
house hus
76%
food mat
76%
a a
59%
I I
53%
see you later vi ses senare
53%
live leva
47%
No matching quizzes found
Score Distribution
Percent of People with Each Score
Percentile by Number Answered
Your Score History
You have not taken this quiz